Welcome to CU Library Online Public Access Catalogue (OPAC)

Prealgebra / (Record no. 464)

MARC details
000 -LEADER
fixed length control field 00792cam a2200229 i 4500
001 - CONTROL NUMBER
control field 17808300
005 - DATE AND TIME OF LATEST TRANSACTION
control field 20241031142111.0
008 - FIXED-LENGTH DATA ELEMENTS--GENERAL INFORMATION
fixed length control field 130711t20152015caua 001 0 eng
020 ## - INTERNATIONAL STANDARD BOOK NUMBER
International Standard Book Number 9781285737256 (core text : pbk.)
020 ## - INTERNATIONAL STANDARD BOOK NUMBER
International Standard Book Number 1285737253 (core text : pbk.)
020 ## - INTERNATIONAL STANDARD BOOK NUMBER
International Standard Book Number 9781285737287 (annotated instructor's edition)
050 00 - LIBRARY OF CONGRESS CALL NUMBER
Classification number QA39.2
Item number .T88
100 1# - MAIN ENTRY--PERSONAL NAME
Personal name Tussy, Alan S.,
Dates associated with a name 1951-
245 10 - TITLE STATEMENT
Title Prealgebra /
Statement of responsibility, etc. Alan S. Tussy, Citrus College, Diane R. Koenig, Rock Valley College.
250 ## - EDITION STATEMENT
Edition statement Fifth edition.
260 ## - PUBLICATION, DISTRIBUTION, ETC.
Place of publication, distribution, etc. Australia
Name of publisher, distributor, etc. Cengage Learning
Date of publication, distribution, etc. 2015
300 ## - PHYSICAL DESCRIPTION
Extent xxvi, 8, 985, 14, 8 pages :
Other physical details color illustrations ;
Dimensions 28 cm
500 ## - GENERAL NOTE
General note Includes index.
650 #0 - SUBJECT ADDED ENTRY--TOPICAL TERM
Topical term or geographic name entry element Mathematics
Form subdivision Problems, exercises, etc.
700 1# - ADDED ENTRY--PERSONAL NAME
Personal name Koenig, Diane R.
942 ## - ADDED ENTRY ELEMENTS (KOHA)
Source of classification or shelving scheme Library of Congress Classification
Koha item type Books
Edition 5th Ed.
Suppress in OPAC No
999 ## -
-- 464
-- 464
Holdings
Withdrawn status Lost status Source of classification or shelving scheme Damaged status Not for loan Collection Home library Current library Shelving location Date acquired Total checkouts Full call number Barcode Date last seen Copy number Price effective from Koha item type
    Library of Congress Classification     Non-fiction Science Library (Miotso) Science Library (Miotso) General stacks 10/31/2024   QA39.2 .T88 TUS SLM00000269 10/31/2024 1 10/31/2024 Books
© 2023-2024 Copyright: Central University Libraries. All Rights Reserved | Created by: Mahone Tech Office